000
00278nam a2200109 4500
999
_c
13432
_d
13432
008
250523b ||||| |||| 00| 0 eng d
082
_a
720.8
245
_a
101 award winning projects alumni SPA-Delhi -Vol-2
260
_a
2021
_b
Copal publishing
300
_a
178p;
942
_2
ddc